Možno pribudne profesia zákazník

Rozhovor s Kristínou Viestovou z EÚ v Bratislave o tom, akým smerom sa uberá slovenský obchod. Kúpna sila na Slovensku je na dolnej hranici. Mení sa štruktúra výdavkov slovenského spotrebiteľa. Spotrebitelia začínajú siahať aj po lacnejšom tovare. Slovenský trh je nasýtený maloobchodom. Situácia na...

Descrizione completa

Salvato in:
Dettagli Bibliografici
Autore principale: Košťál, Daniel
Altri autori: Hinková-Dibarborová, Andrea, Viestová, Kristína
Natura: Capitolo di libro
Lingua:slovacco
Soggetti:
Tags: Aggiungi Tag
Nessun Tag, puoi essere il primo ad aggiungerne!!

MARC

LEADER 00000naa$a2200000$$$4500
001 0036287
005 20240502071450.9
041 0 |a slo 
044 |a SK 
245 1 0 |a Možno pribudne profesia zákazník  |c Daniel Košťál, Andrea Hinková-Dibarborová, Kristína Viestová 
520 |a Rozhovor s Kristínou Viestovou z EÚ v Bratislave o tom, akým smerom sa uberá slovenský obchod. Kúpna sila na Slovensku je na dolnej hranici. Mení sa štruktúra výdavkov slovenského spotrebiteľa. Spotrebitelia začínajú siahať aj po lacnejšom tovare. Slovenský trh je nasýtený maloobchodom. Situácia na slovenských trhoviskách. Nevyhnutnosť špecializácie malých predajní. Lojálny zákazník. 
610 2 0 |a obchod 
610 2 0 |a Slovensko 
610 2 0 |a sila kúpna obyvateľstva 
610 2 0 |a maloobchod 
610 2 0 |a maloobchod špecializovaný 
610 2 0 |a trhoviská 
610 2 0 |a zákazníci 
610 2 0 |a lojálnosť zákazníkov 
100 1 |a Košťál, Daniel 
700 1 |a Hinková-Dibarborová, Andrea 
700 1 |a Viestová, Kristína